[Event "Bouhjar BICA Blitz op 03"]
[Site "Bouhjar"]
[Date "2021.03.28"]
[Round "2"]
[White "Lahmar, Jalel"]
[Black "Gadhab, Tarek"]
[Result "1-0"]
[WhiteElo "2097"]
[BlackElo "1905"]
[PlyCount "39"]
[EventDate "2021.03.28"]
[EventType "swiss (blitz)"]
[EventRounds "9"]
[EventCountry "TUN"]
[SourceTitle "CBM 202 Extra"]
[Source "ChessBase"]
[SourceDate "2021.07.31"]
[SourceVersion "1"]
[SourceVersionDate "2021.07.31"]
[SourceQuality "1"]

1. e4 Nc6 2. Nf3 f5 3. d3 fxe4 4. dxe4 e5 5. Nc3 Nf6 6. Bg5 Be7 7. Bb5 d6 8. h3 0-0 9. Bc4+ Kh8 10. 0-0 Na5 11. Bd3 Nc6 12. Qe2 Be6 13. Rad1 a6 14. a3 Qe8 15. Bxf6 Rxf6 16. Bc4 Qf7 17. Bxe6 Qxe6 18. Nd5 Rf7 19. Nxc7 Qd7 20. Nxa8 1-0

[Event "Bouhjar BICA Blitz op 03"]
[Site "Bouhjar"]
[Date "2021.03.28"]
[Round "5"]
[White "Turki, Aymen"]
[Black "Lahmar, Jalel"]
[Result "1-0"]
[WhiteElo "1606"]
[BlackElo "2097"]
[PlyCount "50"]
[EventDate "2021.03.28"]
[EventType "swiss (blitz)"]
[EventRounds "9"]
[EventCountry "TUN"]
[SourceTitle "CBM 202 Extra"]
[Source "ChessBase"]
[SourceDate "2021.07.31"]
[SourceVersion "1"]
[SourceVersionDate "2021.07.31"]
[SourceQuality "1"]

1. e4 e5 2. Nf3 Nc6 3. Bb5 d6 4. c3 Bd7 5. 0-0 Nf6 6. Re1 Be7 7. Ba4 h6 8. d4 0-0 9. h3 a6 10. Nbd2 b5 11. Bc2 Bc8 12. Nf1 Bb7 13. Ng3 Na5 14. Be3 Nc4 15. b3 Nxe3 16. Rxe3 exd4 17. cxd4 Qd7 18. Qd3 Rfe8 19. Rae1 Kf8 20. Nf5 Nh5 21. Nxe7 Qxe7 22. e5 Qd7 23. e6 fxe6 24. Nh4 Nf4 25. Qh7 Qf7 1-0